| 000 | 00952 a2200277 4500 | ||
|---|---|---|---|
| 999 |
_c16584 _d3303 |
||
| 001 | 16584 | ||
| 003 | TR-AnTOB | ||
| 005 | 20241016163340.0 | ||
| 008 | 041102s2000 tu tur | ||
| 020 | _a9751612497 | ||
| 040 |
_aTR-AnTOB _cTR-AnTOB |
||
| 041 | _atur | ||
| 050 |
_aDT96.3 _b.B29 2000 |
||
| 090 | _aDT96.3 .B29 2000 | ||
| 245 | 0 |
_aBaypars tarihi: el-melikü'z-zahir (Baypars) hakkındaki tarihin ikinci cildi / _cTürkçe'ye çeviren M. Şerefüddin Yaltkaya. |
|
| 250 | _a2. bs. | ||
| 264 | 1 |
_aAnkara : _bAtatürk Kültür, Dil ve Tarih Yüksek Kurumu Türk Tarih Kurumu, _c2000 |
|
| 300 |
_axvı, 196 p. ; _c24 cm. |
||
| 490 | 0 |
_aAtatürk Kültür, Dil ve Tarih Yüksek Kurumu Türk Tarih Kurumu Yayınları; II. _aSayı; 3 |
|
| 500 | _aIncludes index. | ||
| 600 | 0 | 0 |
_aBaybars, _bI, _cSultan of Egypt and Syria, _d1223?-1277 _97842 |
| 700 | 1 |
_aYāltaqāyā, Muḥammad Sharaf al-Dīn _947818 |
|
| 902 | _a0004753 | ||
| 942 |
_cBK _2lcc |
||